ბათუმის შოთა რუსთაველის სახელმწიფო უნივერსიტეტის ბიბლიოთეკა

Архитектурное проектирование промышленных здании: архитектурно-композиционные и объемно-планировочные решения : (ბიბ.ჩანაწერი № 39788)

000 -LEADER
fixed length control field 01277nam a2200241Ia 4500
001 - CONTROL NUMBER
control field 6393
003 - CONTROL NUMBER IDENTIFIER
control field GE_BSU
005 - DATE AND TIME OF LATEST TRANSACTION
control field 20230804114943.0
008 - FIXED-LENGTH DATA ELEMENTS--GENERAL INFORMATION
fixed length control field 181216s1982||||ru |||||||||||||| ||rus||
040 ## - CATALOGING SOURCE
Transcribing agency GE_BSU
080 ## - UNIVERSAL DECIMAL CLASSIFICATION NUMBER
Universal Decimal Classification number 725.4 О-66
100 ## - MAIN ENTRY--PERSONAL NAME
Personal name Орловский, Б. Я.
9 (RLIN) 19596
245 ## - TITLE STATEMENT
Title Архитектурное проектирование промышленных здании: архитектурно-композиционные и объемно-планировочные решения :
Remainder of title Учеб. пособие /
Statement of responsibility, etc. Б. Я. Орловский, В. К. Абрамов, П. П. Сербинович ; Ред. Т. Ф. Мельникова.
250 ## - EDITION STATEMENT
Edition statement 2-е изд. перераб. и доп.
264 ## - PRODUCTION, PUBLICATION, DISTRIBUTION, MANUFACTURE, AND COPYRIGHT NOTICE
Place of production, publication, distribution, manufacture Москва :
Name of producer, publisher, distributor, manufacturer Высш.школа
Date of production, publication, distribution, manufacture, or copyright notice 1982.
300 ## - PHYSICAL DESCRIPTION
Extent 279 см. :
Other physical details ил. ;
Dimensions 20 см.
653 ## - INDEX TERM--UNCONTROLLED
keyword Архитектурное проектирование промышленных здании
653 ## - INDEX TERM--UNCONTROLLED
keyword архитектурно-композиционные и объемно-планировочные решения
700 ## - ADDED ENTRY--PERSONAL NAME
Personal name Абрамов, В. К.
Titles and other words associated with a name Автор
9 (RLIN) 19597
700 ## - ADDED ENTRY--PERSONAL NAME
Personal name Сербинович, П. П.
Titles and other words associated with a name Автор
9 (RLIN) 19598
700 ## - ADDED ENTRY--PERSONAL NAME
Personal name Мельникова, Т. Ф.
Titles and other words associated with a name Редактор
9 (RLIN) 19599
942 ## - ADDED ENTRY ELEMENTS (KOHA)
Koha item type წიგნი
Source of classification or shelving scheme
ეგზემპლარები
Withdrawn status Lost status Source of classification or shelving scheme Damaged status Not for loan Permanent Location Current Location Shelving location Date acquired Full call number Barcode Date last seen Copy number Price effective from Koha item type
          ბათუმის შოთა რუსთაველის სახელმწიფო უნივერსიტეტის მთავარი ბიბლიოთეკა ბათუმის შოთა რუსთაველის სახელმწიფო უნივერსიტეტის მთავარი ბიბლიოთეკა წიგნსაცავი 2018-12-17 725.4 О-66 22509 2018-12-17 22509 2018-12-17 წიგნი